00999nam a2200265 i 4500001001000000003000900010005001700019007000300036008004100039020001800080040003000098082002500128100004300153245010300196264004000299300005600339336002700395337003300422338002800455500007600483504002800559650003900587651005000626651005700676000042916DO-SdBNP20240410103208.0ta140212s2013 dr ac 001 0 spa d a9789945009118 aDO-SdBNPbspacBNPHUerda 4a320.97293bR466a2221 aReynoso Sicard, Eduardo Stormy,eautor10aAsí nació la democracia dominicana :b30 de mayo 1961- 18 enero 1962 /cStormy Reynoso Sicard. aSanto Domingo :bCentenario,c2013. a549 páginas :bilustraciones, retratos. ;c24 cm. 2rdacontentatextobtxt 2rdamediaasin mediaciónbn 2rdacarrieravolumenbnc aIncluye datos biográficos del autor en la solapa de la contracubierta aBibliografía : p. 549 4aDemocraciazRepública Dominicana 0aRepública Dominicana --xHistoria --y1961- 4aRepública DominicanaxPolítica y gobiernoy1961-